Studies in American literature.Eugene O'neill. V7. (Record no. 82532)
[ view plain ]
| 000 -LEADER | |
|---|---|
| fixed length control field | 00408nam a2200157Ia 4500 |
| 008 - FIXED-LENGTH DATA ELEMENTS--GENERAL INFORMATION | |
| fixed length control field | 210210b1967 xxu||||| |||| 00| 0 eng d |
| 082 ## - DEWEY DECIMAL CLASSIFICATION NUMBER | |
| Classification number | 810.9 MULS |
| 100 ## - MAIN ENTRY--PERSONAL NAME | |
| Personal name | MULLIK (B R). |
| 245 ## - TITLE STATEMENT | |
| Title | Studies in American literature.Eugene O'neill. V7. |
| 260 ## - PUBLICATION, DISTRIBUTION, ETC. | |
| Place of publication, distribution, etc. | N D |
| Name of publisher, distributor, etc. | S. Chand & Co. Ltd. |
| Date of publication, distribution, etc. | 1967 |
| 300 ## - PHYSICAL DESCRIPTION | |
| Extent | iv,58 |
| 440 ## - SERIES STATEMENT/ADDED ENTRY--TITLE | |
| Title | 7 |
| 650 ## - SUBJECT ADDED ENTRY--TOPICAL TERM | |
| Topical term or geographic name entry element | Eugene O'neill |
| 690 ## - LOCAL SUBJECT ADDED ENTRY--TOPICAL TERM (OCLC, RLIN) | |
| Topical term or geographic name as entry element | American Literature |
| 906 ## - LOCAL DATA ELEMENT F, LDF (RLIN) | |
| a | 031526 |
| Withdrawn status | Lost status | Damaged status | Not for loan | Collection code | Home library | Current library | Shelving location | Date acquired | Cost, normal purchase price | Total Checkouts | Full call number | Barcode | Date last seen | Price effective from | Koha item type |
|---|---|---|---|---|---|---|---|---|---|---|---|---|---|---|---|
| St Aloysius Library | St Aloysius Library | 02/17/2021 | 2.00 | 810.9 MULS | 031526 | 02/17/2021 | 02/17/2021 | Book |